Causes of Indian rebellion/ (Record no. 11953)

MARC details
000 -LEADER
fixed length control field 00801 a2200217 4500
010 ## - LIBRARY OF CONGRESS CONTROL NUMBER
LC control number ENG-90086
020 ## - INTERNATIONAL STANDARD BOOK NUMBER
International Standard Book Number 8190257978
Terms of availability 550.00
035 ## - SYSTEM CONTROL NUMBER
System control number EN-73619
037 ## - SOURCE OF ACQUISITION
Source of stock number/acquisition DBAD / PUB
082 14 - DEWEY DECIMAL CLASSIFICATION NUMBER
Classification number 954.083
090 ## - LOCALLY ASSIGNED LC-TYPE CALL NUMBER (OCLC); LOCAL CALL NUMBER (OCLC)
-- 12308
-- 12308
100 1# - MAIN ENTRY--PERSONAL NAME
Personal name Syed Ahmed Khan
245 1# - TITLE STATEMENT
Statement of responsibility, etc by Sir Syed Ahmad Husain; translated from Urdu with introduction by Jaweed Ashraf
Title Causes of Indian rebellion/
246 ## - VARYING FORM OF TITLE
Title proper/short title Asbab Baghavat- i - Hind
260 ## - PUBLICATION, DISTRIBUTION, ETC. (IMPRINT)
Place of publication, distribution, etc Delhi
Name of publisher, distributor, etc Asha Jyoti Book Sellers & Publishers
Date of publication, distribution, etc 2007
270 ## - ADDRESS
Address A-35, Dainik-Janyug Apartment, Vasundhara Enclave,
City Delhi
Postal code 110096
State or province Delhi
300 ## - PHYSICAL DESCRIPTION
Extent viii, 239p.
Dimensions 22 cm. (Hb)
500 ## - GENERAL NOTE
General note Includes index.
942 ## - ADDED ENTRY ELEMENTS (KOHA)
Institution code [OBSOLETE] dpl
Koha item type English Books
Call number prefix 954.083 / SYE
Holdings
Withdrawn status Lost status Source of classification or shelving scheme Damaged status Not for loan Collection code Home library Current library Source of acquisition Cost, normal purchase price Total Checkouts Full call number Barcode Date last seen Copy number Uniform Resource Identifier Cost, replacement price Price effective from Koha item type
    Dewey Decimal Classification   Not For Loan Non-fiction D.B.Act.Division D.B.Act.Division DBAD/PUB 550.00   954.083 SYE EN-73619 15/09/2008 1 13071 550.00 15/09/2008 English Books

© Delhi Public Library
Hit Counter
free hit counter